Sports Quiz

Random Sports or NFL Quiz

NFL All-Pro by Defensive Position Quiz Stats

 Plays Quiz not verified by Sporcle

Support Sporcle.
Go Orange.
Score 0/96 Timer 12:00
0 Plays Today
Team: Player: % Correct
ARI:None (NA)
100%
CIN:None (NA)
99.7%
DET:None (NA)
99.7%
HOU:None (NA)
99.7%
HOU:None (NA)
99.7%
JAX:None (NA)
99.7%
LAR:None (NA)
99.7%
PIT:None (NA)
99.7%
SEA:R. Sherman, E. Thomas
90.3%
CAR:T. Davis, L. Kuechly
86.9%
DEN:Von Miller
86.9%
NYJ:Mo Lewis
86.6%
DEN:C. Harris, A. Talib
86.3%
KAN:E. Berry, M. Peters
85.4%
CLE:Jamir Miller
84.7%
SFO:Justin Smith
84.7%
BAL:Ed Reed
81.3%
CAR:Julius Peppers
80.4%
CHI:Julius Peppers
80.4%
CHI:Brian Urlacher
80.4%
HOU:J.J. Watt
80.4%
ARI:T. Mathieu, P. Peterson
80.1%
GNB:Charles Woodson
80.1%
CIN:Adam Jones
79.8%
GNB:Clay Matthews
79.8%
BUF:Henry Jones
79.4%
DET:Ndamukong Suh
79.1%
IND:Bob Sanders
78.8%
DAL:Sean Lee
78.5%
DAL:Roy Williams
78.5%
LAC:Jamal Williams
78.2%
LAR:Aeneas Williams
78.2%
Team: Player: % Correct
ATL:Deion Sanders
77.9%
IND:Dwight Freeney
77.6%
MIA:Jason Taylor
77.3%
NWE:Darrelle Revis
76.9%
NYJ:Darrelle Revis
76.9%
LAR:Aaron Donald
76.6%
OAK:Khalil Mack
76.6%
PIT:James Harrison
76.6%
NYG:Damon Harrison
75.7%
KAN:Jared Allen
73.8%
MIN:Jared Allen
73.8%
SEA:Bobby Wagner
72.6%
GNB:Reggie White
71.3%
IND:Robert Mathis
71.3%
JAX:Rashean Mathis
71.3%
KAN:Justin Houston
71%
CIN:Geno Atkins
69.8%
CAR:Josh Norman
69.2%
BAL:Haloti Ngata
66.7%
SFO:NaVarro Bowman
66.4%
PIT:Troy Polamalu
62.9%
TAM:Ronde Barber
62%
ATL:Vic Beasley
60.1%
TAM:Gerald McCoy
59.8%
NWE:Vince Wilfork
59.5%
CHI:Charles Tillman
57%
WAS:Darrell Green
56.7%
NYG:Landon Collins
56.4%
PHI:Brian Dawkins
56.1%
MIA:Cameron Wake
55.1%
TAM:Lavonte David
53.9%
ATL:John Abraham
53.3%
Team: Player: % Correct
NYJ:John Abraham
53.3%
LAC:Shawne Merriman
53%
LAC:Eric Weddle
52.6%
BUF:Marcell Dareus
47.4%
NWE:Jerod Mayo
44.9%
NOR:Darren Sharper
44.9%
BAL:Elvis Dumervil
42.1%
OAK:Nnamdi Asomugha
40.5%
TEN:Albert Haynesworth
40.5%
NOR:La'Roi Glover
26.8%
PHI:Jeremiah Trotter
26.5%
WAS:Dexter Manley
25.9%
JAX:Kevin Hardy
25.5%
TEN:Keith Bulluck
24.3%
DET:Chris Spielman
23.1%
WAS:Wilber Marshall
22.1%
SEA:Patrick Kerney
20.2%
TEN:Cortland Finnegan
19.9%
DAL:Jay Ratliff
19.6%
CLE:Michael Dean-Perry
19.3%
MIA:Patrick Surtain
19.3%
SFO:Dashon Goldson
19.3%
BUF:Takeo Spikes
19%
PHI:Hugh Douglas
19%
CLE:Eric Turner
17.8%
DEN:Trevor Pryce
17.8%
OAK:Darrell Russell
17.8%
NYG:Jessie Armstead
15.6%
MIN:Matt Blair
8.4%
ARI:E.J. Junior
6.2%
MIN:Audray McMillian
5.6%
NOR:Renaldo Turnbull
5.3%

You're not logged in!

Compare scores with friends on all Sporcle quizzes.
OR
Log In

From the Vault

Pokémon Puns

by BlueOrb

We hope you like this quiz and it doesn't make you too Krabby.
Remove Ads.
Support Sporcle.
Get the best of Sporcle when you Go Orange. This ad-free experience offers more features, more stats, and more fun while also helping to support Sporcle. Thank you for becoming a member.

Show Comments

Extras

Top Quizzes Today


Score Distribution

Your Account Isn't Verified!

In order to create a playlist on Sporcle, you need to verify the email address you used during registration. Go to your Sporcle Settings to finish the process.

Report this User

Report this user for behavior that violates our Community Guidelines.

Details: